| 000 | 00641nam a22002297a 4500 | ||
|---|---|---|---|
| 003 | OSt | ||
| 005 | 20140310181949.0 | ||
| 008 | 130725t xxu||||| |||| 00| 0 eng d | ||
| 020 | _a0866119590 | ||
| 050 |
_aPZ 7 _b.B347 1989 |
||
| 082 |
_aKF B32g _b1989 |
||
| 100 |
_aBaum, L. Frank _94179 |
||
| 245 |
_aThe Wizard of Oz / _c L. Frank Baum |
||
| 260 |
_aNew York : _bBaronet Books, _cc1989. |
||
| 300 |
_a235 p. : _b ill. ; _c20 cm. |
||
| 541 | _j1 | ||
| 562 | _e1 | ||
| 650 |
_aOz (Imaginary place)--Fiction _94180 |
||
| 650 |
_a Wizards--Fiction. _94181 |
||
| 650 |
_aFantasy fiction. _94096 |
||
| 942 |
_2lcc _cBK-KF _kKF |
||
| 999 |
_c7827 _d7827 |
||